[Event "Wch Blitz"]
[Site "Doha"]
[Date "2016.12.30"]
[Round "13"]
[White "Gashimov, Sarkhan"]
[Black "Hirneise, Jens"]
[Result "0-1"]
[WhiteElo "2351"]
[BlackElo "2315"]
[PlyCount "62"]
[EventDate "2016.12.29"]
[EventType "swiss (blitz)"]
[EventRounds "21"]
[EventCountry "QAT"]
[SourceTitle "CBM 176 Extra"]
[Source "ChessBase"]
[SourceDate "2017.03.02"]
[SourceVersion "1"]
[SourceVersionDate "2017.03.02"]
[SourceQuality "1"]

1. e4 c5 2. Nc3 Nc6 3. f4 g6 4. Nf3 Bg7 5. Bc4 e6 6. f5 Nge7 7. fxe6 fxe6 8. d3 d5 9. Bb3 b5 10. exd5 exd5 11. a4 b4 12. Ne2 0-0 13. 0-0 h6 14. Be3 Qd6 15. Qd2 Kh7 16. Rae1 Bg4 17. Bf4 Qd7 18. h3 Bxf3 19. Rxf3 g5 20. Bg3 Rxf3 21. gxf3 Qxh3 22. c3 Rf8 23. Rf1 bxc3 24. bxc3 Ne5 25. f4 gxf4 26. Rxf4 Nf3+ 27. Rxf3 Rxf3 28. Qe1 Nf5 29. Bf2 Ne3 30. Bxe3 Rxe3 31. Bd1 Qg4+ 0-1

[Event "Wch Blitz"]
[Site "Doha"]
[Date "2016.12.30"]
[Round "19"]
[White "Gashimov, Sarkhan"]
[Black "Hirneise, Tobias"]
[Result "0-1"]
[WhiteElo "2351"]
[BlackElo "2466"]
[PlyCount "85"]
[EventDate "2016.12.29"]
[EventType "swiss (blitz)"]
[EventRounds "21"]
[EventCountry "QAT"]
[SourceTitle "CBM 176 Extra"]
[Source "ChessBase"]
[SourceDate "2017.03.02"]
[SourceVersion "1"]
[SourceVersionDate "2017.03.02"]
[SourceQuality "1"]

1. Nf3 c5 2. b3 d5 3. e3 a6 4. c4 d4 5. exd4 cxd4 6. g3 Nc6 7. Bg2 e5 8. 0-0 f6 9. a3 Be6 10. d3 a5 11. Nh4 Bd6 12. f4 exf4 13. gxf4 Nge7 14. f5 Bf7 15. Nd2 Qc7 16. h3 0-0 17. Ne4 Ne5 18. Kh1 N7c6 19. Rg1 Kh8 20. Qe2 Rae8 21. Bd2 Nd7 22. Bf3 Nce5 23. b4 Nxf3 24. Qxf3 Ne5 25. Qg2 Rg8 26. c5 Bf8 27. Bf4 Qd7 28. Rad1 Bh5 29. Rd2 axb4 30. axb4 Qf7 31. Qg3 b6 32. Kh2 bxc5 33. bxc5 Qd5 34. Bxe5 Rxe5 35. Rc2 Qc6 36. Qf4 Be7 37. Qg3 Bd8 38. Kh1 Bc7 39. Qf2 Rxe4 40. dxe4 Qxe4+ 41. Ng2 Bf3 42. Rf1 Qf4 43. Qg1 0-1

[Event "Wch Blitz"]
[Site "Doha"]
[Date "2016.12.30"]
[Round "20"]
[White "Gholami, Aryan"]
[Black "Gashimov, Sarkhan"]
[Result "1-0"]
[WhiteElo "2422"]
[BlackElo "2351"]
[PlyCount "77"]
[EventDate "2016.12.29"]
[EventType "swiss (blitz)"]
[EventRounds "21"]
[EventCountry "QAT"]
[SourceTitle "CBM 176 Extra"]
[Source "ChessBase"]
[SourceDate "2017.03.02"]
[SourceVersion "1"]
[SourceVersionDate "2017.03.02"]
[SourceQuality "1"]

1. c4 e5 2. Nc3 Nc6 3. Nf3 g6 4. d3 Bg7 5. g3 d6 6. Bg2 h6 7. 0-0 Nf6 8. Rb1 a5 9. a3 0-0 10. b4 axb4 11. axb4 Be6 12. Ne1 Rb8 13. Nc2 Qd7 14. b5 Ne7 15. Nb4 Bh3 16. e4 c5 17. Nbd5 Nfxd5 18. Nxd5 Nxd5 19. exd5 Bxg2 20. Kxg2 f5 21. f4 Kh7 22. Bd2 Rbe8 23. Re1 Qd8 24. Qf3 Rf7 25. Re2 Rfe7 26. Rbe1 Qa8 27. fxe5 Rxe5 28. Bf4 Rxe2+ 29. Rxe2 Bf8 30. Re6 Qa2+ 31. Kh3 Rd8 32. Qe3 Qb2 33. Re7+ Kh8 34. Rxb7 Qf6 35. Bxh6 f4 36. Bxf4 Qf5+ 37. Kg2 Bg7 38. Rxg7 Kxg7 39. Qe7+ 1-0

[Event "Wch Blitz"]
[Site "Doha"]
[Date "2016.12.30"]
[Round "18"]
[White "Xu, Yi"]
[Black "Gashimov, Sarkhan"]
[Result "1-0"]
[WhiteElo "2430"]
[BlackElo "2351"]
[PlyCount "73"]
[EventDate "2016.12.29"]
[EventType "swiss (blitz)"]
[EventRounds "21"]
[EventCountry "QAT"]
[SourceTitle "CBM 176 Extra"]
[Source "ChessBase"]
[SourceDate "2017.03.02"]
[SourceVersion "1"]
[SourceVersionDate "2017.03.02"]
[SourceQuality "1"]

1. e4 d5 2. exd5 Qxd5 3. Nc3 Qa5 4. Nf3 Nf6 5. d4 Nc6 6. Be2 Bg4 7. h3 Bh5 8. Bd2 0-0-0 9. Ne4 Qb6 10. Nxf6 gxf6 11. c3 e5 12. 0-0 Rg8 13. Be3 Bxf3 14. Bxf3 exd4 15. cxd4 Nxd4 16. Rc1 Bc5 17. Re1 Kb8 18. Kh1 Qd6 19. Be4 f5 20. Bxf5 Bb6 21. Qh5 Qd5 22. Bg4 Qxa2 23. Bf4 Qxb2 24. Qxf7 Nb5 25. Bg3 Rg7 26. Qe8 Rg8 27. Qe6 Nd4 28. Qe7 Nc6 29. Qxh7 Bxf2 30. Bxf2 Qxf2 31. Qe4 Rdf8 32. Rxc6 bxc6 33. Rb1+ Qb6 34. Rxb6+ axb6 35. Qxc6 Rd8 36. Qc4 Rd6 37. Bc8 1-0

[Event "Wch Blitz"]
[Site "Doha"]
[Date "2016.12.29"]
[Round "11"]
[White "Gashimov, Sarkhan"]
[Black "Darini, Pouria"]
[Result "0-1"]
[WhiteElo "2351"]
[BlackElo "2511"]
[PlyCount "57"]
[EventDate "2016.12.29"]
[EventType "swiss (blitz)"]
[EventRounds "21"]
[EventCountry "QAT"]
[SourceTitle "CBM 176 Extra"]
[Source "ChessBase"]
[SourceDate "2017.03.02"]
[SourceVersion "1"]
[SourceVersionDate "2017.03.02"]
[SourceQuality "1"]

1. Nf3 Nf6 2. b3 d5 3. Bb2 c6 4. e3 Bf5 5. Be2 h6 6. 0-0 e6 7. c4 Nbd7 8. d4 Bd6 9. Nbd2 Qb8 10. a3 0-0 11. b4 a6 12. h3 Ne4 13. Nxe4 dxe4 14. Nd2 Bg6 15. Qb3 Qd8 16. f4 exf3 17. Nxf3 Qe7 18. c5 Bc7 19. Ne5 Nxe5 20. dxe5 Qg5 21. Qc3 Rad8 22. Rad1 Be4 23. Rf2 Rxd1+ 24. Bxd1 Rd8 25. Bg4 Rd3 26. Qc1 Bxe5 27. Bxe5 Qxe5 28. Be2 Qc3 29. Qf1 0-1

[Event "Wch Blitz"]
[Site "Doha"]
[Date "2016.12.29"]
[Round "6"]
[White "Gashimov, Sarkhan"]
[Black "Stratonowitsch, Andre"]
[Result "1/2-1/2"]
[WhiteElo "2351"]
[BlackElo "2138"]
[PlyCount "209"]
[EventDate "2016.12.29"]
[EventType "swiss (blitz)"]
[EventRounds "21"]
[EventCountry "QAT"]
[SourceTitle "CBM 176 Extra"]
[Source "ChessBase"]
[SourceDate "2017.03.02"]
[SourceVersion "1"]
[SourceVersionDate "2017.03.02"]
[SourceQuality "1"]

1. d4 f5 2. e4 fxe4 3. Nc3 Nf6 4. Bg5 Nc6 5. d5 Ne5 6. Qd4 Nf7 7. h4 c6 8. 0-0-0 Qb6 9. Qa4 Qxf2 10. Nh3 Qc5 11. Nxe4 Nxe4 12. Qxe4 d6 13. Nf4 Ne5 14. Nd3 Qxd5 15. Qxd5 cxd5 16. Nxe5 dxe5 17. Rxd5 Bd7 18. Bb5 Bxb5 19. Rxb5 0-0-0 20. Rxe5 Rd7 21. h5 Rg8 22. Rf1 h6 23. Be3 g5 24. hxg6 Bg7 25. Re6 Bf6 26. Bxh6 Rxg6 27. Be3 Rxg2 28. b3 b6 29. a4 Kb7 30. Re4 Rc7 31. Rf2 Rxf2 32. Bxf2 Bg5+ 33. Kb2 Bf6+ 34. Kb1 Rd7 35. Re1 Kc6 36. Rh1 a6 37. Rf1 Rd5 38. Be3 b5 39. axb5+ axb5 40. Bc1 b4 41. Bb2 Rd6 42. Rf4 Kc5 43. Rf5+ Kc6 44. Bxf6 Rxf6 45. Re5 e6 46. Kb2 Kd6 47. Re4 Kc5 48. Rc4+ Kb5 49. Kc1 Rf5 50. Kd2 Rd5+ 51. Ke3 Rd6 52. Ke4 Rd5 53. Rc8 Rh5 54. Re8 Rh2 55. Kd3 Rh3+ 56. Kd4 Rc3 57. Rxe6 Rxc2 58. Re5+ Kb6 59. Re3 Rc3 60. Rxc3 bxc3 61. Kxc3 Kc5 62. b4+ Kb5 63. Kb3 Kb6 64. Kc4 Kc6 65. b5+ Kb6 66. Kb4 Kb7 67. Ka5 Ka7 68. b6+ Kb7 69. Kb5 Kb8 70. Kc5 Kb7 71. Kb5 Kb8 72. Ka6 Ka8 73. Ka5 Kb8 74. Ka6 Ka8 75. Kb5 Kb7 76. Kc5 Kb8 77. Kc6 Kc8 78. Kb5 Kb7 79. Ka5 Kb8 80. Ka6 Ka8 81. Kb5 Kb7 82. Kc5 Kb8 83. Kc6 Kc8 84. Kb5 Kb7 85. Kc5 Kb8 86. Kc6 Kc8 87. Kb5 Kb7 88. Ka5 Kb8 89. Kb5 Kb7 90. Kc5 Kb8 91. Kc4 Kb7 92. Kb5 Kb8 93. Kb4 Kb7 94. Kc5 Kb8 95. Kb5 Kb7 96. Ka5 Kb8 97. Ka6 Ka8 98. Kb5 Kb7 99. Kc5 Kb8 100. Kc6 Kc8 101. Kb5 Kb7 102. Kc5 Kb8 103. Kc6 Kc8 104. b7+ Kb8 105. Kb6 1/2-1/2

[Event "Wch Blitz"]
[Site "Doha"]
[Date "2016.12.29"]
[Round "7"]
[White "Henriquez Villagra, Cristobal"]
[Black "Gashimov, Sarkhan"]
[Result "1/2-1/2"]
[WhiteElo "2517"]
[BlackElo "2351"]
[PlyCount "219"]
[EventDate "2016.12.29"]
[EventType "swiss (blitz)"]
[EventRounds "21"]
[EventCountry "QAT"]
[SourceTitle "CBM 176 Extra"]
[Source "ChessBase"]
[SourceDate "2017.03.02"]
[SourceVersion "1"]
[SourceVersionDate "2017.03.02"]
[SourceQuality "1"]

1. e4 d5 2. exd5 Qxd5 3. Nc3 Qa5 4. Bc4 Nf6 5. h3 Nc6 6. Nf3 Bf5 7. d3 Bg6 8. 0-0 0-0-0 9. Bd2 e6 10. a3 Bh5 11. g4 Nxg4 12. hxg4 Bxg4 13. Bb5 Nd4 14. Nxd4 Bxd1 15. Nb3 Qb6 16. Raxd1 c6 17. Bc4 Be7 18. Kg2 h5 19. Bf4 Bd6 20. Be3 Qc7 21. a4 h4 22. Rh1 Bf4 23. Rh3 g5 24. Ne2 g4 25. Nxf4 gxh3+ 26. Nxh3 Rdg8+ 27. Kf1 Qh2 28. Nf4 Rg1+ 29. Ke2 Rxd1 30. Kxd1 Qg1+ 31. Kd2 h3 32. Nxh3 Rxh3 33. Bxa7 Qg5+ 34. Kc3 Qf6+ 35. Bd4 e5 36. Bc5 Rf3 37. Nd2 Rxf2 38. Ne4 Rxc2+ 39. Kxc2 Qh6 40. Bxf7 Qh2+ 41. Bf2 b6 42. Bc4 Kb7 43. b4 Qf4 44. b5 cxb5 45. axb5 Qf3 46. Bg3 Qe2+ 47. Kc3 Qe3 48. Bxe5 Qc1+ 49. Kd4 Qb2+ 50. Kd5 Qb4 51. Bd6 Qe1 52. Ke6 Qe3 53. Bg3 Qh6+ 54. Kf5 Qh7+ 55. Kf4 Qh6+ 56. Kf3 Qh5+ 57. Ke3 Qh6+ 58. Bf4 Qh3+ 59. Ng3 Qg2 60. Ne4 Qg1+ 61. Kf3 Qh1+ 62. Kg4 Qg2+ 63. Bg3 Qe2+ 64. Kf4 Qd1 65. Nf2 Qd2+ 66. Kf3 Qc3 67. Bd5+ Ka7 68. Bc4 Qf6+ 69. Bf4 Qg6 70. Be3 Qh5+ 71. Kg3 Kb7 72. Ng4 Ka7 73. d4 Qf5 74. Be2 Qe4 75. Kf2 Qf5+ 76. Kg3 Qe4 77. Bf3 Qd3 78. Bc6 Qf1 79. d5 Qe1+ 80. Kf4 Qd1 81. Kf5 Qd3+ 82. Kf4 Qd1 83. Nf2 Qe2 84. d6 Qc4+ 85. Ne4 Qf7+ 86. Ke5 Qg7+ 87. Kd5 Qf7+ 88. Kd4 Qg7+ 89. Kd3 Qg2 90. Nd2 Qg6+ 91. Ne4 Qg2 92. d7 Qf1+ 93. Kd2 Qg2+ 94. Nf2 Qg8 95. Nd1 Qa2+ 96. Kd3 Qb3+ 97. Nc3 Qg8 98. Nd5 Qg6+ 99. Kc3 Qg7+ 100. Kb3 Qg3 101. Kc2 Qg2+ 102. Kd3 Qg3 103. Ke4 Qg4+ 104. Ke5 Qg3+ 105. Kf6 Qd6+ 106. Kf7 Kb8 107. Bf4 Ka7 108. Kg7 Qg6+ 109. Kf8 Qf7+ 110. Kxf7 1/2-1/2

[Event "Wch Blitz"]
[Site "Doha"]
[Date "2016.12.29"]
[Round "3"]
[White "Perez Ponsa, Federico"]
[Black "Gashimov, Sarkhan"]
[Result "1-0"]
[WhiteElo "2585"]
[BlackElo "2351"]
[PlyCount "39"]
[EventDate "2016.12.29"]
[EventType "swiss (blitz)"]
[EventRounds "21"]
[EventCountry "QAT"]
[SourceTitle "CBM 176 Extra"]
[Source "ChessBase"]
[SourceDate "2017.03.02"]
[SourceVersion "1"]
[SourceVersionDate "2017.03.02"]
[SourceQuality "1"]

1. e4 d5 2. exd5 Qxd5 3. Nc3 Qa5 4. d4 Nf6 5. Nf3 Nc6 6. d5 Nb4 7. Bb5+ Bd7 8. Bxd7+ Nxd7 9. a3 Nf6 10. axb4 Qxa1 11. 0-0 Qa6 12. Re1 Rd8 13. Bf4 c6 14. Bc7 Rc8 15. d6 e6 16. Ne5 Nd7 17. Nxd7 Kxd7 18. Ne4 b6 19. Ng5 f6 20. Nxe6 1-0

[Event "Wch Rapid"]
[Site "Doha"]
[Date "2016.12.28"]
[Round "11"]
[White "Darini, Pouria"]
[Black "Gashimov, Sarkhan"]
[Result "1-0"]
[WhiteElo "2511"]
[BlackElo "2351"]
[PlyCount "45"]
[EventDate "2016.12.26"]
[EventType "swiss (rapid)"]
[EventRounds "15"]
[EventCountry "QAT"]
[SourceTitle "CBM 176"]
[Source "ChessBase"]
[SourceDate "2017.01.17"]
[SourceVersion "1"]
[SourceVersionDate "2017.01.17"]
[SourceQuality "1"]

1. e4 d5 2. exd5 Qxd5 3. Nc3 Qa5 4. d4 Nf6 5. Bc4 Nc6 6. Nge2 Bg4 7. Bd2 0-0-0 8. f3 Bf5 9. a3 Bg6 10. Nd5 Nxd5 11. Bxa5 Ne3 12. Qc1 Nxc2+ 13. Kf2 Nxa5 14. Bxf7 Nxa1 15. Bxg6 N1b3 16. Bf5+ Kb8 17. Qc3 Rd6 18. d5 h5 19. Nc1 Rxd5 20. Nxb3 Nxb3 21. Qxb3 e6 22. Be4 Bc5+ 23. Ke2 1-0

[Event "Wch Rapid"]
[Site "Doha"]
[Date "2016.12.28"]
[Round "14"]
[White "Tregubov, Pavel V"]
[Black "Gashimov, Sarkhan"]
[Result "1-0"]
[WhiteElo "2585"]
[BlackElo "2351"]
[PlyCount "69"]
[EventDate "2016.12.26"]
[EventType "swiss (rapid)"]
[EventRounds "15"]
[EventCountry "QAT"]
[SourceTitle "CBM 176"]
[Source "ChessBase"]
[SourceDate "2017.01.17"]
[SourceVersion "1"]
[SourceVersionDate "2017.01.17"]
[SourceQuality "1"]

1. d4 Nf6 2. c4 e6 3. Nc3 Bb4 4. e3 Bxc3+ 5. bxc3 c5 6. Bd3 Nc6 7. Nf3 d6 8. 0-0 e5 9. Qc2 0-0 10. Rb1 Qe7 11. dxe5 dxe5 12. Ng5 h6 13. Nh7 Nxh7 14. Bxh7+ Kh8 15. Be4 Qc7 16. Bd5 f5 17. e4 f4 18. f3 b6 19. Bd2 Bb7 20. Be1 Rad8 21. Bf2 Na5 22. Rfd1 Bc8 23. Qe2 Ba6 24. Kh1 Qd7 25. g3 Qa4 26. gxf4 exf4 27. Bh4 g5 28. Bxg5 hxg5 29. Qg2 Qe8 30. Qxg5 Rd7 31. Rg1 Bxc4 32. Rg4 Bxd5 33. Rh4+ Rh7 34. Rxh7+ Kxh7 35. Rg1 1-0

[Event "Wch Rapid"]
[Site "Doha"]
[Date "2016.12.26"]
[Round "2"]
[White "Gashimov, Sarkhan"]
[Black "Perez Ponsa, Federico"]
[Result "0-1"]
[WhiteElo "2351"]
[BlackElo "2585"]
[PlyCount "88"]
[EventDate "2016.12.26"]
[EventType "swiss (rapid)"]
[EventRounds "15"]
[EventCountry "QAT"]
[SourceTitle "CBM 176"]
[Source "ChessBase"]
[SourceDate "2017.01.17"]
[SourceVersion "1"]
[SourceVersionDate "2017.01.17"]
[SourceQuality "1"]

1. Nf3 Nf6 2. b3 g6 3. Bb2 Bg7 4. g3 0-0 5. Bg2 d6 6. d4 e5 7. dxe5 Nfd7 8. 0-0 dxe5 9. Nfd2 f5 10. Nc4 e4 11. Qd5+ Kh8 12. Bxg7+ Kxg7 13. Nc3 Qf6 14. Qd2 c6 15. Rad1 Ne5 16. Nxe5 Qxe5 17. Qe3 Re8 18. Rd4 Be6 19. f3 c5 20. Rd2 Nc6 21. fxe4 Rad8 22. Nb1 fxe4 23. Rxd8 Nxd8 24. Qc3 Bf5 25. e3 Nc6 26. a3 Rd8 27. h3 h5 28. Qxe5+ Nxe5 29. Nc3 Nf3+ 30. Bxf3 exf3 31. e4 Bxh3 32. Rxf3 Be6 33. Kf2 Rd2+ 34. Ke3 Rxc2 35. Kf4 Bxb3 36. Ke5 Rd2 37. Nb1 Rb2 38. Nc3 Bg8 39. Kd6 b6 40. e5 Rd2+ 41. Ke7 c4 42. Rf4 Rd3 43. Ne4 Rd5 44. e6 Re5 0-1

[Event "Wch Rapid"]
[Site "Doha"]
[Date "2016.12.26"]
[Round "1"]
[White "Matlakov, Maxim"]
[Black "Gashimov, Sarkhan"]
[Result "1-0"]
[WhiteElo "2694"]
[BlackElo "2351"]
[PlyCount "127"]
[EventDate "2016.12.26"]
[EventType "swiss (rapid)"]
[EventRounds "15"]
[EventCountry "QAT"]
[SourceTitle "CBM 176"]
[Source "ChessBase"]
[SourceDate "2017.01.17"]
[SourceVersion "1"]
[SourceVersionDate "2017.01.17"]
[SourceQuality "1"]

1. d4 Nf6 2. Nf3 b6 3. c4 e6 4. g3 Ba6 5. Nbd2 Bb7 6. Bg2 c5 7. e4 cxd4 8. Nxd4 d6 9. 0-0 Be7 10. e5 Bxg2 11. exf6 Bxf6 12. Nxe6 fxe6 13. Kxg2 0-0 14. Ne4 Be7 15. Bf4 d5 16. cxd5 Qxd5 17. Qxd5 exd5 18. Nc3 Rd8 19. Rac1 Na6 20. Be5 d4 21. Ne4 Nc5 22. Nxc5 Bxc5 23. Rfd1 Rd5 24. f4 Rad8 25. Rd3 Rf8 26. Rc4 a5 27. a3 b5 28. Rc2 Rf7 29. h4 a4 30. h5 h6 31. g4 Bd6 32. Rc8+ Bf8 33. Kg3 Kh7 34. Rxd4 Rxd4 35. Bxd4 b4 36. axb4 Bxb4 37. g5 hxg5 38. fxg5 Bd6+ 39. Kg2 Re7 40. g6+ Kh6 41. Rh8+ Kg5 42. h6 Kxg6 43. hxg7 Rxg7 44. Bxg7 Kxg7 45. Rh4 a3 46. b3 Kf6 47. Kf3 Ke5 48. Ra4 Kd5 49. Ke3 Kc5 50. Kd3 Kb5 51. Kd4 Bf8 52. Kc3 Bg7+ 53. Kc2 Bf8 54. Ra8 Be7 55. Rb8+ Ka5 56. Kd3 Bf6 57. Kc4 Ka6 58. Ra8+ Kb6 59. Rxa3 Kb7 60. b4 Be7 61. Kb5 Bd6 62. Rh3 Be5 63. Rh7+ Kb8 64. Kc6 1-0

[Event "Pardubice op-B"]
[Site "Pardubice"]
[Date "2005.07.??"]
[Round "7"]
[White "Gashimov, Sarkhan"]
[Black "Abramov, Valentin"]
[Result "1-0"]
[WhiteElo "2326"]
[BlackElo "2306"]
[PlyCount "77"]
[EventDate "2005.07.22"]
[EventType "swiss"]
[EventRounds "9"]
[EventCountry "CZE"]
[SourceTitle "CBM 107 Extra"]
[Source "ChessBase"]
[SourceDate "2005.09.01"]
[SourceVersion "1"]
[SourceVersionDate "2005.09.01"]
[SourceQuality "1"]

1. Nf3 Nf6 2. b3 e6 3. Bb2 c5 4. c4 d5 5. e3 Nc6 6. cxd5 exd5 7. Bb5 a6 8. Bxc6+ bxc6 9. 0-0 Bd6 10. d3 0-0 11. Nbd2 Bf5 12. Qe2 Re8 13. Rfc1 a5 14. d4 Nd7 15. dxc5 Nxc5 16. Nd4 Bd7 17. Rc2 Qe7 18. Rac1 Na6 19. Nxc6 Bxc6 20. Rxc6 Nb4 21. Qg4 f5 22. Qxf5 g6 23. Qf3 Rf8 24. Qg4 Nxc6 25. Rxc6 Be5 26. Bd4 Bxd4 27. Qxd4 Qf7 28. Nf3 Rac8 29. Rxc8 Rxc8 30. Qd2 Rc5 31. h4 Qc7 32. g3 Rc1+ 33. Kg2 Qc5 34. Qd3 Rc2 35. h5 Rc3 36. Qa6 gxh5 37. Qe6+ Kf8 38. Ne5 Qe7 39. Nd7+ 1-0

[Event "Pardubice op-B"]
[Site "Pardubice"]
[Date "2005.07.??"]
[Round "1"]
[White "Gashimov, Sarkhan"]
[Black "Fisar, Josef"]
[Result "1-0"]
[WhiteElo "2326"]
[BlackElo "2072"]
[PlyCount "103"]
[EventDate "2005.07.22"]
[EventType "swiss"]
[EventRounds "9"]
[EventCountry "CZE"]
[SourceTitle "CBM 107 Extra"]
[Source "ChessBase"]
[SourceDate "2005.09.01"]
[SourceVersion "1"]
[SourceVersionDate "2005.09.01"]
[SourceQuality "1"]

1. d4 d5 2. Nc3 Nf6 3. Bg5 Bf5 4. f3 c6 5. Qd2 Nbd7 6. 0-0-0 Qa5 7. Kb1 e6 8. e4 dxe4 9. fxe4 Bg4 10. Nf3 Bb4 11. Bd3 Bxf3 12. gxf3 Nb6 13. Bxf6 Na4 14. Qg5 gxf6 15. Qxa5 Nxc3+ 16. bxc3 Bxa5 17. Kb2 Rg8 18. f4 0-0-0 19. f5 Rg4 20. h3 Rg3 21. fxe6 fxe6 22. Rdf1 Rf8 23. Rf4 Kd7 24. Rh4 Rf7 25. Rf1 Bd8 26. Rh6 Rg6 27. Rh5 Rg3 28. Rf4 Rfg7 29. a4 Kc7 30. Rh6 R3g6 31. Rfh4 Rxh6 32. Rxh6 Kd7 33. Kb3 a5 34. h4 Kd6 35. c4 c5 36. e5+ fxe5 37. d5 Rg3 38. Ka2 Rg4 39. h5 Rh4 40. Rxe6+ Kc7 41. Rh6 e4 42. Be2 Rh2 43. Bg4 e3 44. Rxh7+ Kb8 45. Rh8 Kc7 46. d6+ Kxd6 47. Rxd8+ Ke5 48. Kb3 Kf4 49. Bd1 e2 50. Bxe2 Rxe2 51. Rd5 b6 52. Rd6 1-0

[Event "Wch U20"]
[Site "Nakhchivan"]
[Date "2003.06.23"]
[Round "3"]
[White "Werle, Jan"]
[Black "Gashimov, Sarkhan"]
[Result "1-0"]
[WhiteElo "2404"]
[BlackElo "2317"]
[PlyCount "55"]
[EventDate "2003.06.22"]
[EventType "swiss"]
[EventRounds "13"]
[EventCountry "AZE"]
[SourceTitle "EXT 2004"]
[Source "ChessBase"]
[SourceDate "2003.11.25"]
[SourceVersion "1"]
[SourceVersionDate "2003.11.25"]
[SourceQuality "1"]

1. Nf3 Nf6 2. c4 b6 3. g3 Bb7 4. Bg2 e6 5. 0-0 Be7 6. Nc3 0-0 7. Re1 d5 8. cxd5 exd5 9. d4 c5 10. Bf4 Nc6 11. Rc1 Ne4 12. dxc5 Bxc5 13. Rf1 Nxc3 14. Rxc3 Re8 15. a3 a5 16. Rd3 Qf6 17. Rxd5 Qxb2 18. Rd7 Rad8 19. Ne5 Bd4 20. Nd3 Qxa3 21. Rxb7 Nb4 22. Bg5 f6 23. Bc1 Qa2 24. Nxb4 Bxf2+ 25. Kh1 axb4 26. Rd7 Rxd7 27. Qxd7 Qxe2 28. Rxf2 1-0

[Event "EU-ch U20"]
[Site "Baku"]
[Date "2002.07.21"]
[Round "8"]
[White "Mamedov, Nidjat"]
[Black "Gashimov, Sarkhan"]
[Result "0-1"]
[WhiteElo "2463"]
[BlackElo "2262"]
[PlyCount "96"]
[EventDate "2002.07.14"]
[EventType "swiss"]
[EventRounds "11"]
[EventCountry "AZE"]
[SourceTitle "CBM 089 Extra"]
[Source "ChessBase"]
[SourceDate "2002.09.10"]
[SourceVersion "2"]
[SourceVersionDate "2002.09.10"]
[SourceQuality "1"]

1. e4 d5 2. exd5 Qxd5 3. Nc3 Qa5 4. d4 e5 5. dxe5 Nc6 6. Bb5 Bd7 7. e6 fxe6 8. Bd2 0-0-0 9. Nf3 a6 10. Ba4 e5 11. Bb3 Nf6 12. 0-0 Bg4 13. Qe1 Bxf3 14. gxf3 Nd4 15. Kg2 Qb6 16. Bg5 Qc6 17. Ne4 Be7 18. Qe3 h6 19. Bxf6 gxf6 20. Qc3 Qe8 21. Kh1 Qh5 22. Ng3 Qh3 23. Qe3 h5 24. f4 h4 25. Ne4 Nf3 26. Be6+ Qxe6 27. Qxf3 Qc6 28. c3 exf4 29. Qxf4 Kb8 30. f3 Qb5 31. Rf2 f5 32. a4 Qd5 33. Nd2 h3 34. Qc4 Qd6 35. Nb3 Rhg8 36. Nd4 Rg2 37. Rxg2 hxg2+ 38. Kxg2 Rh8 39. Rh1 Qg6+ 40. Kf1 Rg8 41. Qe2 Bh4 42. b4 f4 43. Qc2 Qe8 44. Qd2 Qxa4 45. Ne2 Rd8 46. Qb2 Qd1+ 47. Kg2 Rg8+ 48. Ng3 Qd8 0-1

[Event "EU-ch U20"]
[Site "Baku"]
[Date "2002.07.19"]
[Round "6"]
[White "Mastrovasilis, Dimitrios"]
[Black "Gashimov, Sarkhan"]
[Result "1-0"]
[WhiteElo "2462"]
[BlackElo "2262"]
[PlyCount "179"]
[EventDate "2002.07.14"]
[EventType "swiss"]
[EventRounds "11"]
[EventCountry "AZE"]
[SourceTitle "CBM 089 Extra"]
[Source "ChessBase"]
[SourceDate "2002.09.10"]
[SourceVersion "2"]
[SourceVersionDate "2002.09.10"]
[SourceQuality "1"]

1. e4 c5 2. Nf3 a6 3. c3 e6 4. d4 d5 5. e5 Bd7 6. Be3 Qb6 7. Qb3 Qc7 8. dxc5 Bc6 9. Qb6 Qc8 10. Bd3 a5 11. Qb3 Nd7 12. Qc2 Bxc5 13. Bxc5 Nxc5 14. 0-0 Ne7 15. Nd4 Nxd3 16. Qxd3 0-0 17. Nd2 b5 18. b4 a4 19. f4 Bd7 20. Rae1 f5 21. exf6 Rxf6 22. N2f3 Nf5 23. Ng5 h6 24. Nxf5 exf5 25. Nf3 d4 26. cxd4 Bc6 27. d5 Rd6 28. Re5 Qd8 29. Rd1 Qb6+ 30. Qd4 Qxd4+ 31. Rxd4 Bd7 32. Re2 Rc8 33. Kf2 Rc3 34. Red2 Kf8 35. Ne5 Be8 36. R4d3 Rc1 37. Rd1 Rc2+ 38. R1d2 Rc1 39. h3 Bf7 40. Ke3 Re1+ 41. Kf3 Rf1+ 42. Kg3 Rb1 43. Nc6 Rc1 44. a3 g6 45. Ne5 Kg7 46. Kf2 Kf6 47. g3 Rc8 48. Nxf7 Kxf7 49. Re2 Rc1 50. Re5 Rc2+ 51. Ke3 Rc8 52. Kf3 h5 53. Rde3 Rc7 54. g4 hxg4+ 55. hxg4 fxg4+ 56. Kxg4 Rcd7 57. Rd3 Rc7 58. Kf3 Rc1 59. Ke3 Rc2 60. Re4 Rc1 61. Re5 Rc2 62. Ke4 Rc4+ 63. Kf3 Rc7 64. f5 gxf5 65. Rxf5+ Kg6 66. Kf4 Re7 67. Rg3+ Kh6 68. Re5 Rf7+ 69. Ke4 Rd8 70. Re6+ Kh7 71. Kd4 Rc7 72. d6 Rc1 73. Ke5 Rf8 74. Re7+ Kh8 75. Rh3+ Kg8 76. Rg3+ Kh8 77. Ke6 Rd1 78. Rh3+ Kg8 79. Rg3+ Kh8 80. Re3 Rf2 81. Rc3 Rf8 82. Rcc7 Rh1 83. Kd7 Rd1 84. Kc6 Rb8 85. Rb7 Rc8+ 86. Rbc7 Rb8 87. Rh7+ Kg8 88. Rcg7+ Kf8 89. Rh8+ Kxg7 90. Rxb8 1-0

[Event "EU-ch U20"]
[Site "Baku"]
[Date "2002.07.16"]
[Round "3"]
[White "Gashimov, Sarkhan"]
[Black "Tahirov, Farhad"]
[Result "1-0"]
[WhiteElo "2262"]
[BlackElo "2363"]
[PlyCount "67"]
[EventDate "2002.07.14"]
[EventType "swiss"]
[EventRounds "11"]
[EventCountry "AZE"]
[SourceTitle "CBM 089 Extra"]
[Source "ChessBase"]
[SourceDate "2002.09.10"]
[SourceVersion "2"]
[SourceVersionDate "2002.09.10"]
[SourceQuality "1"]

1. Nf3 d5 2. g3 Nd7 3. c4 dxc4 4. Qa4 Ngf6 5. Bg2 a6 6. Qxc4 e6 7. 0-0 b5 8. Qc2 Bb7 9. b3 c5 10. Bb2 Be7 11. d3 0-0 12. Nbd2 Qb6 13. Rac1 Rac8 14. Qb1 Rfe8 15. Qa1 Bf8 16. h3 e5 17. Rfd1 Bd6 18. e4 Nh5 19. Nf1 c4 20. bxc4 bxc4 21. d4 Bxe4 22. dxe5 Bc5 23. Rxd7 Bxf2+ 24. Kh2 Bxf3 25. Bxf3 Bxg3+ 26. Kh1 Qf2 27. Bxh5 Bf4 28. e6 f6 29. Bd4 Qh4 30. Bf7+ Kh8 31. Rc3 Bb8 32. Qd1 Red8 33. Rxd8+ Rxd8 34. e7 1-0

[Event "EU-ch U20"]
[Site "Baku"]
[Date "2002.07.15"]
[Round "2"]
[White "Izoria, Zviad"]
[Black "Gashimov, Sarkhan"]
[Result "1/2-1/2"]
[WhiteElo "2565"]
[BlackElo "2262"]
[PlyCount "66"]
[EventDate "2002.07.14"]
[EventType "swiss"]
[EventRounds "11"]
[EventCountry "AZE"]
[SourceTitle "CBM 089 Extra"]
[Source "ChessBase"]
[SourceDate "2002.09.10"]
[SourceVersion "2"]
[SourceVersionDate "2002.09.10"]
[SourceQuality "1"]

1. Nf3 Nf6 2. c4 b6 3. Nc3 Bb7 4. d4 e6 5. e3 Bb4 6. Bd3 0-0 7. 0-0 Bxc3 8. bxc3 d6 9. Qc2 Nbd7 10. e4 e5 11. Bg5 h6 12. Bh4 Re8 13. Rfe1 g5 14. Nxg5 hxg5 15. Bxg5 Nf8 16. Re3 N8h7 17. Bh4 Qd7 18. Qe2 Kh8 19. Rh3 Ng8 20. f4 f6 21. Rf1 Re7 22. d5 Rg7 23. Qe3 Re8 24. Be2 Qa4 25. fxe5 Rxe5 26. Bxf6 Ngxf6 27. Rxf6 Qe8 28. Rf4 Bc8 29. Rh6 Kg8 30. Bf3 Qe7 31. h4 a5 32. Qf2 Bd7 33. a3 Qe8 1/2-1/2